000 00513nam a22001817a 4500
999 _c138623
_d138623
005 20230210165131.0
010 _aENG-117690
020 _a9789382711643
_c245.00
035 _aEN-101222
037 _bDABD/PUB
082 _aS
100 _aChowdhury,K.L.
245 _aWhy don't you convent ? :
_band other stories /
_cby K.L.Chowdhury
260 _aDelhi
_bVitasta Publishing
_c2015
270 _a2/15,Ansari Road,Daryaganj
_bNew Delhi
_e110002
300 _axi,263p.
_c20cm(pbk)
942 _2ddc
_cEN
_hS
_mCHO